| 000 | 00508nam a2200157 4500 | ||
|---|---|---|---|
| 020 | _a978-84-205-5035-0 | ||
| 050 | _aHM1221 W518 2006 | ||
| 082 | _a659.219 W666r | ||
| 100 | _aWilcox, Dennis | ||
| 245 | _aRelaciones públicas estrategias y t cticas / Dennis Wilcox, Glen t. Cameron, Jordi Xifra | ||
| 250 | _a8 | ||
| 260 | _aEspaña, Madrid : Pearson Educación | ||
| 300 | _axxxi, 783 p. / 26 cm | ||
| 650 | _a1. RELACIONES PUBLICAS | ||
| 700 | _aI. Cameron, Glen T. coaut. II. Xifra, Jordi. coaut. | ||
| 999 |
_c26311 _d26311 |
||